[Event "RUS-Cup3"]
[Site "Omsk"]
[Date "1996.??.??"]
[Round "5"]
[White "Dvoirys, Semen I"]
[Black "Vaulin, Alexander"]
[Result "1-0"]
[WhiteElo "2570"]
[BlackElo "2485"]
[Annotator "Tyomkin,D"]
[PlyCount "79"]
[EventDate "1996.12.13"]
[EventType "swiss"]
[EventRounds "9"]
[EventCountry "RUS"]
[SourceTitle "CBM 057"]
[Source "ChessBase"]
[SourceDate "1997.04.01"]
[SourceVersion "1"]
[SourceVersionDate "1997.04.01"]
[SourceQuality "1"]

1. e4 {Nor,I Gutman} c5 2. Nf3 d6 3. d4 cxd4 4. Nxd4 Nf6 5. Nc3 a6 6. f4 e5 7.
Nf3 Nbd7 8. a4 Be7 9. Bd3 O-O 10. O-O Nc5 11. Kh1 exf4 12. Bxf4 Bd7 $6 (12...
Bg4 $5 13. Qe1 Re8 14. Qg3 Qd7 15. Be3 Rac8 16. Nd4 d5 $1 (16... Bd8 $2 17. h3
Be6 18. Bh6 g6 19. Qf3 Nxd3 20. cxd3 $16 {Sulskis S.-RytchagovM.,Riga,1995})
17. exd5 (17. Nxd5 Nfxe4 $1 $15) (17. e5 Nxd3 $1 18. exf6 $1 (18. cxd3 Nh5 19.
Qf2 Bc5 $15) 18... Bd6 19. Qh4 Nxb2 $1 (19... Rxe3 $2 20. Qg5) 20. Nxd5 Nc4 $15
) 17... Bd6 18. Qf2 Nxd3 19. cxd3 Be5 $1 $15) 13. Qe2 $5 $146 (13. Qd2 Rc8 14.
Rfe1 Re8 15. a5 h6 16. Bf1 Bf8 17. e5 dxe5 18. Nxe5 Be6 19. Qf2 Ncd7 $1 $15 {
Adams M.-Morovic Fernandes I.,Santiago,1997}) 13... Rc8 14. Bc4 Be6 15. Bxe6
Nxe6 16. Be3 ({Keine Probleme stellte} 16. Bg3 {Gutman} Nh5 17. Bf2 Bf6 18. Nd5
Nhf4 19. Nxf4 Nxf4 20. Qd2 Ng6 21. c3 Re8 $11 {1/2-1/2 Wahls,M-Heinemann,T/
Hamburg HSK 1996/CBM 56 (32)}) 16... Qa5 (16... Qd7 {Gutman} 17. Nd5 (17. Nd4
Nxd4 18. Bxd4 Qe6 19. a5 Qc4) 17... Nxd5 18. exd5 Nc5 19. a5 Bf6 20. Nd4 Rfe8
21. Qf3 Ne4 {kommt ernsthaft in Betracht.}) 17. Nd4 (17. Nh4 $1 Rfe8 $8 (17...
Qh5 $6 18. Qxh5 Nxh5 19. Nf5 Rfe8 20. Nd5 Bf8 21. g4 Nf6 22. Nh6+ Kh8 23. Nxf7+
Kg8 24. Nh6+ Kh8 25. Nxf6 gxf6 26. Rxf6 Rxc2 27. Raf1 Bg7 28. Nf7+ Kg8 29. R6f2
Rxf2 30. Rxf2 Bf8 $16) (17... Qb4 $2 18. Nf5 Rfe8 19. Nd5 Nxd5 20. exd5 Ng5 $8
21. Bd2 Qe4 22. Qh5 Rxc2 (22... h6 23. Bxg5 $1 Bxg5 (23... hxg5 24. Rae1 $18)
24. Nxd6 $18) 23. Rae1 $18) 18. Nf5 Kh8 19. Rad1 Rcd8 (19... Qc7 $5) (19... Qb4
$2 20. Nxe7 $1 Rxe7 21. Rxf6 $1 $18) 20. Nd5 Nxd5 21. exd5 Nf8 22. Qf2 $1 $14)
17... Nxd4 18. Bxd4 Rfe8 19. Rad1 $14 Qh5 (19... Qb4 {Gutman} 20. Qf3 Qxb2 21.
Nd5 $36 {mit weißer Initiative.}) 20. Qd3 Ng4 21. Qg3 Bf8 (21... Rc6 $6 22. Rf5
Qh4 (22... Qg6 23. Nd5 Nf6 24. Rg5 $18) (22... Rxc3 23. Rxh5 $1 Rxg3 24. hxg3
$18) 23. Qxh4 Bxh4 24. Rf4 h5 25. h3 g5 26. Rf5 $1 Nh6 27. Rd5 $16) 22. Rd3 $6
(22. Rf5 $1 Qg6 23. h3 Ne5 24. Qf4 $14) 22... Ne5 23. Re3 Qg6 24. Qf4 (24. Qxg6
Nxg6 (24... hxg6 25. Re2 Rc4 26. Rd2 $14) 25. Ref3 f6 $10) 24... Qe6 25. Rg3
Rc4 $1 $10 26. Qf2 Rec8 27. b3 R4c6 28. Qf4 Ng6 29. Qg5 Ne5 (29... Be7 $5 30.
Qf5 Bh4 31. Rgf3 Ne5 32. Bxe5 dxe5 33. Nd5 Qxf5 34. Rxf5 Rxc2 35. g3 Bf6 36.
Nxf6+ gxf6 37. Rxf6 R8c7 $10) 30. h3 Qg6 $2 (30... Kh8 $1 31. Qf5 R6c7 32. Re3
g6 $1 33. Qxe6 fxe6 34. Rf6 $1 Bh6 35. Rd3 Kg8 36. Bxe5 dxe5 37. Rff3 $10) (
30... h6 $5) 31. Qh4 $1 $14 Qe6 32. Bxe5 $1 dxe5 33. Nd5 Qh6 $6 (33... Kh8 $142
34. Rgf3 (34. Nf6 {Gutman} gxf6 35. Rf5 Bg7 36. Rh5) 34... f6 35. c4 $14) 34.
Qg4 $1 (34. Qxh6 {Gutman} Rxh6 35. Nf6+ Rxf6 (35... Kh8 36. Ng4) 36. Rxf6 Rxc2
{Gutman: überzeugt weniger.}) 34... Rxc2 $2 (34... Qe6 $8 35. Qh5 Be7 36. c4
$36) 35. Qf5 $1 $18 Rc1 (35... Kh8 36. Qxf7 Bd6 37. Rgf3 Rg8 $8 38. Qxb7 $18)
36. Qxf7+ Kh8 37. Rxc1 Rxc1+ 38. Kh2 g6 39. Rf3 Rc8 40. Qxb7 1-0

[Event "RUS-Cup3"]
[Site "Omsk"]
[Date "1996.??.??"]
[Round "9"]
[White "Kozirev, Alexander"]
[Black "Minasian, Ara"]
[Result "0-1"]
[WhiteElo "2370"]
[BlackElo "2425"]
[Annotator "Tyomkin,D"]
[PlyCount "102"]
[EventDate "1996.12.13"]
[EventType "swiss"]
[EventRounds "9"]
[EventCountry "RUS"]
[SourceTitle "CBM 057"]
[Source "ChessBase"]
[SourceDate "1997.04.01"]
[SourceVersion "1"]
[SourceVersionDate "1997.04.01"]
[SourceQuality "1"]

{Nor,I} 1. e4 c5 2. Nf3 d6 3. d4 cxd4 4. Nxd4 Nf6 5. Nc3 a6 6. f4 e5 7. Nf3
Nbd7 8. a4 Be7 9. Bd3 O-O 10. O-O exf4 11. Kh1 Ne5 (11... Nc5 {See the game
Dvoirys-Vaulin 1996 [1-0]}) (11... Nh5 $5 12. Nd5 Nc5 13. Nd4 g6 14. Nxf4 Nxf4
15. Bxf4 Bg5 $1 $10 {Dvoirys S.-Shneider D.,Podolsk,1993}) 12. Bxf4 Ng6 (12...
Bg4 13. Be2 Nxf3 14. Bxf3 Be6 15. Qd4 $1 (15. Qe1 $6 Nd7 16. Rd1 Qb6 17. b3
Rac8 18. Nd5 Bxd5 19. exd5 Bf6 20. Be3 Qc7 21. Bg4 Bc3 22. Qg3 Rce8 23. Bxd7
Qxd7 24. Bf4 Be5 $1 $15 {Gdanski J.-Wojtkiewicz A.,Warsaw,1993}) 15... Rc8 16.
Rad1 Rc4 17. Qe3 Qc7 18. e5 dxe5 19. Bxe5 Qa5 20. Qg5 h6 21. Qg3 $16 {Arnason
J.-Ehlvest J.,Reykjavik,1994}) (12... Qc7 $5 13. Qd2 Be6 14. Nd4 Rad8 15. Rae1
Rfe8 16. Nf5 Bxf5 17. exf5 Nxd3 18. Qxd3 Qc6 19. Bg5 h6 20. Rxe7 hxg5 21. Rfe1
$14) 13. Be3 Ng4 14. Bg1 Be6 $146 (14... Nf4 15. Nd5 Nxd5 16. exd5 Bf6 $1 $10 {
Petrov A.-Loskutov O.,St. Petersburg,1996}) 15. Nd4 N4e5 16. Nf5 (16. Nd5 Rc8
17. Nxe7+ Qxe7 18. Be3 Rfe8 $10) 16... Rc8 17. Ne3 (17. Be3 $5 Qa5 (17... Qc7
18. Nd5 Bxd5 19. exd5 Nxd3 (19... Bf6 20. Bd4 Rfe8 21. Ra3 $1 $14) 20. cxd3 (
20. Qxd3 $1 Qxc2 21. Qd4 f6 22. Rac1 Qb3 (22... Qe2 $4 23. Ng3 $1 $18) 23. Qe4
$1 Rxc1 (23... Rce8 $2 24. Rc7 $1) 24. Rxc1 Bd8 25. Qe6+ Kh8 26. Nxd6 h6 $13)
20... Bf6 21. Rc1 Qd7 $10) 18. Be2 (18. Qe1 Rfe8 19. Nd5 Qxe1 20. Raxe1 Bf8 $10
) 18... Qb4 19. Qd4 $1 Qxd4 20. Bxd4 Rfe8 21. Rad1 Rc6 22. g3 $14) 17... Bg5
18. Ned5 Ne7 19. Nb6 $1 Rc6 20. a5 $14 g6 21. Ncd5 Nxd5 22. Nxd5 (22. exd5 Bg4
23. Be2 Bxe2 24. Qxe2 Rc7 $14) 22... Bxd5 23. exd5 Rc8 24. b3 Bf6 25. Bd4 Nd7 (
25... Bg7 26. c4 $14) 26. Bxf6 Nxf6 27. c4 Nd7 28. b4 Ne5 29. Rf4 Qg5 30. g3 (
30. Rd4 Qe3 31. Bf1 f5 $13) 30... Rfe8 31. Be2 Re7 32. Qd4 Rce8 33. c5 $6 (33.
Qb6 $5 Rd7 (33... Nd7 34. Qxd6 Rxe2 35. Qxd7) 34. Raf1 $16) 33... Nd7 34. Bc4
$2 (34. Bf3 $142 {[%cal Gf3h5]}) 34... Qh5 35. c6 (35. cxd6 $5 Re4 36. Rxe4
Qf3+ 37. Kg1 Rxe4 38. Qd3 Qxd3 $6 (38... Qg4 $1 $36) 39. Bxd3 Rd4 $10) 35...
Ne5 $36 36. Raf1 g5 37. Rf5 Ng4 (37... Nxc4 $2 38. Qxc4 Re2 39. h4 $1 R2e4 40.
Qd3 $18) 38. h4 $8 (38. Qb2 $2 Ne3) 38... h6 39. cxb7 Rxb7 (39... Ne3 40. Bxa6
$1 Nxf5 41. Rxf5 $16) 40. Bxa6 {[%tqu "En","Continue attack by Black","","",
"e8e3","",10]} Re3 $3 $40 41. Qxe3 $4 (41. Rg1 Rbe7 $1 $40 {Attack of black is
very strong.I don't believe that white can defend his position} (41... Rxg3 42.
Rxg3 Qxh4+ 43. Kg2 Qh2+ 44. Kf3 Qh1+ 45. Rg2 (45. Kxg4 Qh4+ 46. Kf3 Qxd4 47.
Bxb7 Qd3+ 48. Kg2 Qxf5 $19) (45. Ke2 Re7+ 46. Kd3 Qd1+ 47. Kc3 Qe1+ 48. Kb2
Qxg3 $17) 45... Qh3+ 46. Rg3 Qh1+ $10) {for example:} 42. Bf1 R7e4 43. Qa7 Ne5
$17) (41. Rc1 Rb8 42. Kg2 $2 Rbe8 $1 $17) (41. Qf4 $6 gxf4 42. Rxh5 Rxb4 43.
Rxf4 Re1+ 44. Rf1 (44. Kg2 Rb2+ $19) 44... Rxf1+ 45. Bxf1 Rb1 46. Kg2 Ne3+ 47.
Kf2 Nxf1 48. Rxh6 Nd2 $19) 41... Nxe3 42. Bxb7 Qg4 $1 $19 43. R5f2 Qh3+ 44. Kg1
Qxg3+ 45. Kh1 Qxh4+ 46. Kg1 Qg4+ 47. Kh1 Nxf1 48. Rxf1 Qxb4 49. a6 h5 50. Kg2
h4 51. Bc6 Qa3 0-1

[Event "EU-Cup 22nd"]
[Site "Fuegen"]
[Date "2006.10.09"]
[Round "2.1"]
[White "Polzin, Rainer"]
[Black "Van Wely, Loek"]
[Result "0-1"]
[WhiteElo "2480"]
[BlackElo "2676"]
[Annotator "Van Wely,L"]
[PlyCount "102"]
[EventDate "2006.10.08"]
[EventType "team-swiss"]
[EventRounds "7"]
[EventCountry "AUT"]
[SourceTitle "CBM 115"]
[Source "ChessBase"]
[SourceDate "2006.11.15"]
[SourceVersion "1"]
[SourceVersionDate "2006.11.15"]
[SourceQuality "1"]
[WhiteTeam "Berlin SF"]
[BlackTeam "Taldea Gros Xake"]
[WhiteTeamCountry "GER"]
[BlackTeamCountry "ESP"]

1. e4 c5 2. Nf3 d6 3. d4 cxd4 4. Nxd4 Nf6 5. Nc3 a6 6. f4 Qc7 {This move is
one I used quite often in the past, until once the Dutch IM Solleveld played
something unpleasant against me. Since I had troubles recalling these
unpleasant memories, I figured out that a non-professional such as my opponent,
would have even bigger troubles in recollecting this. Indeed, after the game,
we were both aware of the mighty Solleveld, but none of us had (and after
checking the games of Solleveld, I still don't) no clue how Solleveld got this
reputation.  Dies ist ein Zug, den ich in der Vergangenheit recht oft anwandte,
bis einmal der holländische IM Solleveld etwas Unangenehmes gegen mich spielte.
Da ich Schwierigkeiten hatte, mir diese unangenehmen Erinnerungen ins
Gedächtnis zu rufen, dachte ich mir, dass es einem Nicht-Profi wie meinem
Gegner sogar noch schwerer fallen würde, sich darauf zu besinnen. Tatsächlich
wußten wir, nach der Partie, beide von dem mächtigen Solleveld, doch keiner
von uns hatte (und nach dem ich die Partien von Solleveld geprüft hatte, geht
es mir noch immer so) eine Ahnung, wie Solleveld zu diesem Ruf kam.} 7. Nf3
Nbd7 8. Bd3 g6 9. O-O Bg7 10. Qe1 {White goes for the direct approach, the
most challenging. a4 or later a3 is less critical. Weiß wählt die direkte
Methode, die auch die größte Herausforderung an Schwarz darstellt. A4 oder
später a3 ist weniger kritisch.} b5 11. e5 dxe5 12. fxe5 Ng4 13. e6 fxe6 14.
Qe4 Qa7+ 15. Kh1 Ndf6 16. Qe1 {So this was supposed to be this subtle idea of
Solleveld Dies sollte also die subtile Idee von Solleveld sein.} O-O 17. Qh4
Bb7 18. Ng5 b4 (18... Qb6 19. Nxh7 Ne4 (19... Nxh7 20. Qxg4 Rxf1+ 21. Bxf1 Rf8
{Black's initiative should be good enough, but I had my doubts it would be
good enough for me as well. Die Initiative von Schwarz sollte gut genug sein,
doch ich hatte meine Zweifel, dass sie auch für mich gut genug sein würde.})
20. Nxe4 Rxf1+ 21. Bxf1 Bxe4 22. Qxg4 Qf2 {This line kept me quite busy for a
while, somehow I found it hard to believe. Dieses Abspiel beschäftigte mich
eine ganze Weile; irgendwie fand ich es schwer zu glauben.}) ({Probably best
was Am besten war wahrscheinlich} 18... Qc5 19. Nxh7 Nxh7 20. Qxg4 Rxf1+ 21.
Bxf1 Qf5 {and Black will either be very active, or his pawn structure will be
repaired. und Schwarz wird entweder sehr aktiv stehen oder seine
Bauernstruktur wird repariert.}) 19. Nce4 $2 {Natural but wrong since now, due
to Black's option to trade on e4, White will have problems with defending f2.
Natürlich, aber falsch, denn jetzt wird Weiß, aufgrund der Möglichkeit von
Schwarz, auf e4 zu tauschen, Probleme mit der Deckung von f2 haben.} ({The
move Der Zug} 19. Bc4 {looks interesting, but after sieht interessant aus,
doch nach} bxc3 20. Bxe6+ Kh8 21. Bxg4 Qd4 $1 22. Rxf6 h5 $1 {it's Black who
is in charge. ist es Schwarz, der das Heft in der Hand hat.}) (19. Nd1 Qc5 {
and now my silicon friend suggests  und nun schlägt mein Silikonfreund} 20. Rg1
{as best... als Bestes vor...}) 19... h5 20. Bd2 $6 (20. Bf4 $142) 20... Nxe4
21. Nxe4 Bxe4 22. Bxe4 {Here I was at the crossroads, to win pawns, exchanges
or queens. Hier stand ich vor dem Scheideweg - Bauern gewinnen, Qualitäten
oder Damen.} Nf2+ $5 (22... Qd4 $1 23. Bxa8 Nf2+ 24. Rxf2 Qxh4 25. Rxf8+ Bxf8
$1 {was probably the most trivial way to win, since White won't be able to
coordinate his pieces. war vermutlich der trivialste Gewinnweg, da Weiß es
nicht schaffen wird, seine Figuren zu koordinieren.} (25... Kxf8 $6 26. Rf1+
Kg8 $4 (26... Bf6 27. Rf4 Qg5 28. g3 Qe5 29. b3) 27. Rf4)) (22... Rad8 23. Bd3)
23. Rxf2 Qxf2 24. Qxf2 Rxf2 25. Bxb4 {The only chance, nevertheless I was
mainly counting on: Die einzige Chance; dennoch rechnete ich hauptsächlich mit}
(25. Bxa8 Rxd2 26. Be4 Bxb2 27. Rb1 Kg7) (25. Be3 Re2 26. Bxa8 Bxb2 27. Rb1
Rxe3 {and in both cases the win should be just a matter of time. und in beiden
Fällen sollte der Gewinn nur eine Frage der Zeit sein.}) 25... Rb8 26. Bc5 Rf4
(26... Bxb2 27. Rb1) 27. Bxg6 Rxb2 28. Rd1 Rg4 {Trying to be smart. Versucht,
raffiniert zu sein.} (28... Rxa2 29. g3 {doesn't exchange rooks. tauscht nicht
die Türme.}) 29. Rd8+ Bf8 30. Bd3 Rb1+ 31. Bg1 Ra4 ({After the game, my
opponent thought that Nach der Partie glaubte mein Gegner, dass} 31... h4 {
was winning, but gewinnen würde, aber} 32. h3 ({indeed after nach} 32. g3 h3 $1
{ist es wirklich so!}) 32... Ra4 33. g3 {and White can still play. und Weiß
kann noch spielen.}) 32. g3 Rxa2 (32... h4 33. h3 $1) 33. Kg2 Kf7 34. h3 Bg7
35. Be3 a5 36. g4 hxg4 37. hxg4 a4 $6 (37... Rd1 $142 38. Bg6+ Kxg6 39. Rxd1
Rxc2+ 40. Kf3 a4 {should still have won fairly easily. sollte noch immer
ziemlich leicht gewinnen.}) 38. g5 a3 $2 {After this move the win becomes
problematic. Nach diesem Zug wird der Gewinn problematisch.} (38... Be5 39. Bh7
(39. g6+ Kg7 40. Rd7 Bf6 41. Bc5 Rd1 42. Bxe7 Rxc2+ 43. Bxc2 Rxd7 44. Bxf6+
Kxf6 45. Bxa4 Rd8 46. Bb3 Rd6) 39... Kg7 40. g6 Rxc2+ 41. Kf3 Rb8 42. Bd4 Rxd8
43. Bxe5+ Kh6 44. Bf4+ Kh5 45. g7 Rc3+ 46. Ke4 a3 $19) 39. g6+ Kf6 40. Ra8 Rd1
41. Kf3 Rxd3 42. cxd3 Kxg6 43. Bc5 (43. Bc1 Ra1 (43... Bb2 $2 44. Bxb2 (44.
Rg8+ $2 Kf5 45. Rg2 Bxc1 46. Rxa2 Bb2) 44... axb2 45. Rb8 Kf5 46. Rb5+ e5 47.
Rb6 e6 (47... e4+ 48. dxe4+ Ke5 49. Ke3) 48. Rb8 (48. Ke3 $2 Kg4 49. Rb8 Kg3)
48... Kf6 (48... Kg5 49. Rb7) 49. Rb7) 44. Bxa3 Be5 (44... Bb2 $4 45. Rg8+) 45.
Ra4 Bd6 (45... Kf7 46. Re4 Rxa3 47. Rxe5 Rxd3+ 48. Ke4 $2 (48. Kf4 $11) 48...
Rd5) 46. Rg4+ Kf5 47. Bxd6 Rf1+ 48. Ke2 Kxg4 49. Bxe7 {is most likely still a
draw! und höchstwahrscheinlich ist es noch immer remis!}) 43... Bb2 44. Bxe7
Ra1 45. Kg2 $2 {Now White is lost, after Nun ist Weiß verloren; nach} (45. Ke2
$1 {I didn't manage to find a win for Black: konnte ich keinen Gewinn für
Schwarz finden:} a2 46. Kd2 Bf6 (46... Ba3 47. Rxa3 (47. Bxa3 Rd1+ (47... Rb1
48. Bb2 Rxb2+ 49. Kc3 $11) 48. Kxd1 a1=Q+ 49. Kc2 $13) 47... Rh1 48. Rxa2 Rh2+
49. Ke3 Rxa2 $11) (46... Bd4 47. Kc2 Kf7 48. Bd8) 47. Bxf6 Kxf6 48. Kc2 Ke5 49.
Kb3 (49. Kb2 Rd1 50. Kxa2 Rxd3 51. Kb2 Ke4 52. Rh8 e5 53. Kc2 Rd7 $19) (49.
Ra5+ Kf4 (49... Kd4 50. Ra4+ Ke3 51. Re4+ Kf2 (51... Kf3 52. Kb2) 52. Rf4+ (52.
Kb2 Re1 53. Kxa2 Rxe4 54. dxe4 e5) 52... Kg3 53. Ra4 Kf3 54. Kb3 Rd1 55. Rxa2
Rxd3+ 56. Kc2 Rd5 $19) 50. Kb3 Rd1 51. Rxa2 Rxd3+ 52. Kc2 Rd5 53. Ra1 e5 54.
Rf1+ Ke3 55. Re1+ Kf2 56. Re4 Kf3 $19) 49... Rd1 (49... Kd4 50. Rd8+ Ke3 51.
Rd6 e5 52. Rd5 $11) 50. Rxa2 Rxd3+ 51. Kc2 Rd5 52. Ra1 $11) 45... a2 46. Kh2 (
46. Bc5 e5) 46... Be5+ 47. Kg2 Bd4 48. Kh2 Kf5 49. Rf8+ Kg4 50. Ra8 Kf3 51. Ra6
(51. Bd6 Ke2 (51... Rb1 52. Rxa2 Rb7 53. Kh1 Rb6 54. Bc7 Rc6)) 51... Be5+ 0-1

[Event "DDR-chT 8889"]
[Site "German Dem Rep"]
[Date "1989.04.22"]
[Round "12.2"]
[White "Vogt, Lothar"]
[Black "Womacka, Mathias"]
[Result "1-0"]
[WhiteElo "2455"]
[BlackElo "2380"]
[Annotator "Vogt,L"]
[PlyCount "63"]
[EventDate "1988.10.01"]
[EventType "team"]
[EventRounds "14"]
[EventCountry "DDR"]
[SourceTitle "EXT 2013"]
[Source "ChessBase"]
[SourceDate "2012.11.22"]
[SourceVersion "1"]
[SourceVersionDate "2012.11.22"]
[SourceQuality "1"]
[WhiteTeam "Leipzig BK"]
[BlackTeam "Lok KMStadt"]
[WhiteTeamCountry "DDR"]
[BlackTeamCountry "DDR"]

{SCHACH 7/1989 Seite 5 Inf 47/322} 1. e4 c5 2. Nf3 d6 3. d4 cxd4 4. Nxd4 Nf6 5.
Nc3 a6 6. f4 e5 7. Nf3 Nbd7 8. a4 Be7 9. Bd3 O-O 10. O-O exf4 $6 {Schwarz
wählt eine riskante Fortsetzung.} ({Solider ist} 10... Nc5) 11. Bxf4 Qb6+ 12.
Kh1 Qxb2 13. Qe1 ({Im Hallenser Großmeisterturnier 1987 überraschte mich
Gelfand mit dieser Fortsetzung, Dort geschah:} 13. Qd2 Qb6 14. Nd5 Nxd5 15.
exd5 Nc5 16. Ng5 Bxg5 17. Bxg5 f6 18. Be3 Qc7 19. Bxc5 Qxc5 20. Rab1 b6 21. Qb4
{und schneller Friedensschluß.}) 13... Qb4 14. Rb1 Qc5 15. Nd5 Nxd5 16. exd5
Bf6 17. c4 $1 ({In der Oberligasaison 1987/88 gegen den gleichen Gegner
spielte ich} 17. Qe4 g6 18. Bh6 Bg7 19. Bxg7 Kxg7 20. Ng5 Ne5 21. Qh4 h6 22.
Ne4 Qxd5 23. Qf6+ Kg8 24. Nxd6 Be6 {und Schwarz stand besser bei späterem
Remis. Den neuen Zug fand ich vor einiger Zeit in einem Theoriebeitrag und
analysierte ihn. Pech für die Karl-Marx-Städter, denen am Ende auch dieser
halbe Punkt am Klassenerhalt fehlte.}) 17... Qc7 {Das Feld e5 muss
kontrolliert werden.} 18. Qg3 Ne5 {[#] siehe auch "Schach-Magazin64" 1/1991
Seiten 15 und 24} 19. Bg5 $1 Bxg5 (19... Ng6 20. Bxf6 gxf6 21. Nd2 {sieht
unbefriedigend für Schwarz aus.}) 20. Bxh7+ $1 Kxh7 21. Nxg5+ Kh6 {Der König
begibt sich an die frische Luft,} ({da die "Wohnung" auch nicht mehr sicher
ist:} 21... Kg8 22. Qh4 Re8 23. Rbe1 ({Fritz12:} 23. Qh7+ Kf8 24. Qh8+ Ke7 25.
Qxg7) 23... Kf8 ({oder} 23... f6 24. Qh7+ Kf8 25. Rxf6+ Ke7 26. Rf7+) (23... f5
24. Qh7+ Kf8 25. Qh8+ Ke7 26. Rxe5+ dxe5 27. Qxg7+ Kd6 (27... Kd8 28. Nf7+ Kd7
29. d6) 28. Qg6+ Ke7 29. d6+ Qxd6 30. Qg7+ Kd8 31. Nf7+ {jeweils mit weißer
Gewinnstellung.}) 24. Qh8+ Ke7 25. Rxf7+ Kd8 26. Qxe8+) 22. Qh4+ Kg6 {[#]} 23.
Rb3 $1 {Diesen normalen starken Zug hatte ich in einer Heimanalyse gefunden.
So spielte ich diese Partie eigentlich recht problemlos.} ({Fritz12:} 23. Qh7+
Kxg5 24. h4+ Kg4 25. Qxg7+ Ng6 26. Rf4+ Kg3 (26... Kxf4 27. Qd4+ Kg3 (27... Kf5
28. g4#) 28. Rb3#) 27. Rb3+ Kxf4 28. Qd4+ Kf5 29. g4#) 23... f5 {[#]} (23...
Qxc4 24. Qh7+ Kxg5 25. Rg3+ Bg4 26. h4# {verdeutlicht die Idee von 23. Rb3.})
24. Rg3 Ng4 25. Rxg4 fxg4 26. Rxf8 Qe7 (26... Qxc4 27. Qh7+ Kxg5 28. Qxg7+ Kh5
{ist wieder Matt nach} 29. Rh8#) 27. Rf7 Qe8 ({Sowohl} 27... Qxg5 28. Rxg7+) ({
als auch} 27... Qe5 28. Qh7+ Kxg5 29. Rxg7+ Kf4 30. g3+ Kf3 31. Rf7+ Ke3 32.
Re7 {sind nicht besser.}) 28. Qh7+ Kxg5 29. Rxg7+ Kf6 30. Qh6+ Kf5 31. Qg5+ Ke4
32. Re7+ 1-0

[Event "Bonn GSK"]
[Site "Bonn"]
[Date "1994.??.??"]
[Round "9"]
[White "Glek, Igor Vladimirovich"]
[Black "Kengis, Edvins"]
[Result "1/2-1/2"]
[WhiteElo "2590"]
[BlackElo "2565"]
[Annotator "Von Gleich,A"]
[PlyCount "31"]
[EventDate "1994.??.??"]
[EventType "tourn"]
[EventRounds "9"]
[EventCountry "GER"]
[EventCategory "12"]
[SourceTitle "CBM 040"]
[Source "ChessBase"]
[SourceDate "1994.06.01"]
[SourceVersion "1"]
[SourceVersionDate "1994.06.01"]
[SourceQuality "1"]

1. e4 c5 2. Nf3 d6 3. d4 cxd4 4. Nxd4 Nf6 5. Nc3 a6 6. f4 e5 7. Nf3 Nbd7 8. a4
Be7 9. Bc4 Qa5 10. Qe2 O-O 11. O-O b5 12. Ba2 b4 $2 (12... bxa4 $1) 13. Nd5
Nxd5 14. Bxd5 Bb7 15. Ba2 $2 (15. Bxb7 Qb6+ 16. Nd4 $3 Qxb7 (16... exd4 17.
Bxa8 d3+ 18. Qe3) (16... Qxd4+ 17. Be3 Qxb2 18. Bxa8 Rxa8 $16) 17. Nf5 Nf6 18.
Kh1 $1 $16 (18. fxe5 dxe5 19. Bg5 Bc5+ 20. Kh1 Nd7 21. Qg4)) 15... Nf6 16. fxe5
(16. fxe5 Nxe4 17. exd6 Bxd6 $15) 1/2-1/2

[Event "Guillermo Garcia Memorial-B 08th"]
[Site "Santa Clara"]
[Date "2000.05.30"]
[Round "6"]
[White "Herrera, Irisberto"]
[Black "Dominguez Perez, Leinier"]
[Result "1/2-1/2"]
[WhiteElo "2472"]
[BlackElo "2508"]
[Annotator "Wells,P"]
[PlyCount "72"]
[EventDate "2000.05.24"]
[EventType "tourn"]
[EventRounds "14"]
[EventCountry "CUB"]
[EventCategory "9"]
[SourceTitle "CBM 078"]
[Source "ChessBase"]
[SourceDate "2000.10.18"]
[SourceVersion "1"]
[SourceVersionDate "2000.10.18"]
[SourceQuality "1"]

1. e4 c5 2. Nf3 d6 3. d4 cxd4 4. Nxd4 Nf6 5. Nc3 a6 6. f4 e5 7. Nf3 Nbd7 8. a4
Be7 9. Bd3 O-O 10. O-O exf4 11. Bxf4 Qb6+ 12. Kh1 Qxb2 13. Qe1 Qb6 14. Nd5 Nxd5
15. exd5 Qd8 16. c4 Nc5 17. Bc2 Bg4 18. Qg3 Bxf3 19. Rxf3 Bh4 20. Qh3 g6 21.
Bh6 Bf6 22. Raf1 (22. Bxf8 Bxa1 $17) 22... Bg7 23. g4 Qe7 24. Re3 Be5 $1 {
[%csl Rc2,Yc5,Ye5][%mdl 512] Again, it is at least partly the degree of
white's commitment to attack,and the concomitant structural neglect of the
queenside ( don't overlook black's glorious knight on c5 ) which helps to
justify this. Also do not underestimate the importance of the role of the
queen on e7 in denying white's queen access to h4.} ({If} 24... Qd7 $6 25. Qh4
Bxh6 (25... Rae8 26. Rh3 f5 27. gxf5 Re2 28. Be3 Bf6 29. fxg6 Bxh4 30. gxh7+
Qxh7 31. Bxh7+ Kxh7 32. Rg1) 26. Qxh6 Rae8 27. Rh3 f5 (27... f6 28. Bxg6) 28.
gxf5 $40) 25. Bxf8 Rxf8 26. Qh6 f6 27. Rh3 Qg7 {It is also worth mentioning
the effect of the sacrifice on the value of the c2 bishop. In the attacking
notes above, this piece had a truly heroic role to play. It can in this sense
be seen as part of the 'commitment to all-out attack baggage' of white's
position. Without these threats, it resembles a depressingly standard 'bad'
bishop. What of my discussion of these ambiguities in CBM77? Well, I have to
admit that it performs a reasonable duty of defending white's weak queenside
pawns, but it doesn't mean that it is happy in its work!} 28. Qxg7+ Kxg7 29.
Kg2 Rc8 30. Rb1 Rc7 31. Re3 Nd7 32. Bd3 Kf8 33. Rh3 Nc5 34. Bc2 Kg7 35. Re3 Nd7
36. Bd3 Nc5 1/2-1/2